LEADER 01850nam 2200421 a 450 001 9910701802803321 005 20120810085857.0 035 $a(CKB)5470000002422085 035 $a(OCoLC)805700446 035 $a(EXLCZ)995470000002422085 100 $a20120810d2012 ua 0 101 0 $aeng 135 $aurmn||||||||| 181 $ctxt$2rdacontent 182 $cc$2rdamedia 183 $acr$2rdacarrier 200 10$aGeologic framework, regional aquifer properties (1940s-2009), and spring, creek, and seep properties (2009-10) of the upper San Mateo Creek Basin near Mount Taylor, New Mexico$b[electronic resource] /$fby Jeff B. Langman, Jesse E. Sprague, and Roger A. Durall ; prepared in cooperation with the U.S. Forest Service 210 1$aReston, Va. :$cU.S. Dept. of the Interior, U.S. Geological Survey,$d2012. 215 $a1 online resource (viii, 96 pages) $ccolor illustrations, color maps 225 1 $aScientific investigations report ;$v2012-5019 300 $aTitle from title screen (viewed on Aug. 10, 2012). 320 $aIncludes bibliographical references (pages 36-39). 517 $aGeologic framework, regional aquifer properties 606 $aHydrogeology$zNew Mexico$zCibola County 606 $aAquifers$zNew Mexico$zCibola County 615 0$aHydrogeology 615 0$aAquifers 700 $aLangman$b Jeff B$01397192 701 $aSprague$b Jesse E$01402844 701 $aDurall$b Roger$01402845 712 02$aUnited States.$bForest Service. 712 02$aGeological Survey (U.S.) 801 0$bGPO 801 1$bGPO 906 $aBOOK 912 $a9910701802803321 996 $aGeologic framework, regional aquifer properties (1940s-2009), and spring, creek, and seep properties (2009-10) of the upper San Mateo Creek Basin near Mount Taylor, New Mexico$93474232 997 $aUNINA LEADER 01507nam 22003853 450 001 9910160857603321 005 20240412084506.0 010 $a3-95676-198-7 035 $a(CKB)3710000001026526 035 $a(BIP)051875539 035 $a(MiAaPQ)EBC7381893 035 $a(Au-PeEL)EBL7381893 035 $a(EXLCZ)993710000001026526 100 $a20240412d2015 uy 0 101 0 $aeng 135 $aurcnu|||||||| 181 $ctxt$2rdacontent 182 $cc$2rdamedia 183 $acr$2rdacarrier 200 10$aPolikushka 205 $a1st ed. 210 1$aChicago :$cOtbebookpublishing,$d2015. 210 4$dİ2015. 215 $a1 online resource (21 p.) 225 1 $aClassics To Go 330 8 $aThe wretched peasant Polikushka, who drinks too much, is a liar, and finds it hard to keep his "pickers and feelers" off the loose property of anyone, joyfully dreams of justifying his mistress' faith in him by safely fulfilling her commission to bring the package of money from town. His terrible despair over the collapse of his hopes because of the accidental loss of the money on the way home is compounded by the realization that no one will ever believe him if he tells the truth. To kill himself seems the only way out of his impossible dilemma. 410 0$aClassics To Go 700 $aTolstoy$b Leo$0629377 801 0$bMiAaPQ 801 1$bMiAaPQ 801 2$bMiAaPQ 906 $aBOOK 912 $a9910160857603321 996 $aPolikushka$94152143 997 $aUNINA LEADER 02970oam 2200685 c 450 001 9910563017703321 005 20240912173810.0 024 7 $a10.3726/b14115 035 $a(CKB)5450000000174195 035 $a(oapen)https://directory.doabooks.org/handle/20.500.12854/37086 035 $a(PH02)9783631756133 035 $a(MiAaPQ)EBC30686093 035 $a(oapen)doab37086 035 $a(Au-PeEL)EBL30686093 035 $a(OCoLC)1397575099 035 $a(EXLCZ)995450000000174195 100 $a20240525h20182004 uy 0 101 0 $ager 135 $aurnnunnnannuu 181 $ctxt$2rdacontent 182 $cc$2rdamedia 183 $acr$2rdacarrier 200 00$aX-Ineffizienz, Managementanreize und Produktmarktwettbewerb$fEberhard Wille, Uwe Jirjahn 205 $a1st, New ed. 210 $aFrankfurt a.M$cPH02$d2018 210 $d2018, c2004 215 $a1 online resource (260 p.)$c, EPDF 225 0 $aAllokation im marktwirtschaftlichen System$v49 300 $aPeter Lang GmbH, Internationaler Verlag der Wissenschaften 311 08$a3-631-75613-5 327 $aAus dem Inhalt: Trennung von Eigentum und Kontrolle - Principal-Agent-Theorie - Produktmarktwettbewerb -Strategische Effekte - X-Ineffizienz - Wohlfahrtsanalyse - Innovationen - Leistungsanreize. 330 $aDie Arbeit untersucht, wie sich unternehmensexterne Wettbewerbsbedingungen und Principal-Agent-Probleme zwischen Eigentu?mern und Managern auf die Anreize zur Kostensenkung, die interne Effizienz in den Unternehmen und die Konsumentenrente auswirken. Es wird gezeigt, dass Principal-Agent-Probleme unter bestimmten Produktmarktbedingungen einen wohlfahrtssteigernden Effekt haben, indem sie einer U?berinvestition bei der Kostenreduktion entgegenwirken. Aus der theoretischen Analyse werden Hypothesen zur Einfu?hrung von Prozessinnovationen und personalpolitischen Anreizsystemen in manager- und eigentu?mergeleiteten Betrieben abgeleitet. Die Hypothesen werden auf der Basis von Betriebsdaten empirisch u?berpru?ft. 606 $aMonetary economics$2bicssc 606 $aPolitical economy$2bicssc 610 $aAgency-Theorie 610 $aAnreizsystem 610 $aIneffizienz 610 $aInnovationen 610 $aJirjahn 610 $aManagement 610 $aManagementanreize 610 $aPrincipal-Agent-Theorie 610 $aProduktmarktwettbewerb 610 $aProduktwettbewerb 610 $aVolkswirtschaftslehre 610 $aWettbewerb 610 $aWettbewerbstheorie 610 $aWohlfahrtsanalyse 610 $aX-Ineffizienz 615 7$aMonetary economics 615 7$aPolitical economy 700 $aJirjahn$b Uwe$4auth$01302058 702 $aWille$b Eberhard$4edt 702 $aJirjahn$b Uwe$4aut 801 0$bPH02 801 1$bPH02 906 $aBOOK 912 $a9910563017703321 996 $aX-Ineffizienz, Managementanreize und Produktmarktwettbewerb$93026074 997 $aUNINA